000 00630cam a22001694a 4500
005 20250605164028.0
008 250528s ||||||||||||||||||||||||d
035 _a16537
040 _aGR-AtMCL
_bgre
_dGR-AtMCL
_eAACR2
245 1 _aΗ Συμμετοχή εις τους Αγώνας του Έθνους / Της Εθνικής Τραπέζης της Ελλάδος της Εμπορικής Ναυτιλίας και Ανωτέρων Κρατικών Υπηρεσιών
260 _bΑθήνα,
_c1970
300 _a136
700 1 _aΤσακάκης Σπύρος
_92635
942 _cBK
999 _c2030
_d2030